Segmentácia a jej využitie pri kódovaní obrazu : Obh. 04.07.2006

Guardado en:
Detalles Bibliográficos
Autor principal: Pavlovičová, Jarmila, 1963- (Autor)
Formato: Manuscrito Libro
Lenguaje:eslovaco
Publicado: Bratislava : STU v Bratislave FEI, 2006
Materias:
Etiquetas: Agregar Etiqueta
Sin Etiquetas, Sea el primero en etiquetar este registro!

MARC

LEADER 00000ntm a22000003a 4500
001 stu123349
005 20150617225858.7
008 060714s2006------------------------slo-d
040 |a STU  |b slo 
041 0 |a slo 
100 1 |a Pavlovičová, Jarmila,  |d 1963-  |4 aut  |u E070  |U FEI Fakulta elektrotechniky a informatiky  |T FEI Ústav telekomunikácií  |X 1872  |U E070  |Y 818  |7 A000001872 
245 1 |a Segmentácia a jej využitie pri kódovaní obrazu :  |b Obh. 04.07.2006 
260 |a Bratislava :  |b STU v Bratislave FEI,  |c 2006 
300 |a 105 s 
650 7 |a Telekomunikácie  |2 stusub 
650 7 |a segmentácia obrazov  |2 stusub 
650 7 |a kódovanie obrazov  |2 stusub 
996 |b 284ED01117  |c E*HABIL-210  |l EE01  |s A  |a 24  |w stu123349_0001